Cleopatra; (Record no. 70527)
[ view plain ]
| 000 -LEADER | |
|---|---|
| fixed length control field | 00650cam a22002291 4500 |
| 001 - CONTROL NUMBER | |
| control field | sa 66006450 |
| 003 - CONTROL NUMBER IDENTIFIER | |
| control field | DLC |
| 005 - DATE AND TIME OF LATEST TRANSACTION | |
| control field | 20260227112256.0 |
| 008 - FIXED-LENGTH DATA ELEMENTS--GENERAL INFORMATION | |
| fixed length control field | 890620r1965uuuuio a 000 0bdut |
| 010 ## - LIBRARY OF CONGRESS CONTROL NUMBER | |
| LC control number | sa 66006450 |
| 035 ## - SYSTEM CONTROL NUMBER | |
| System control number | (OCoLC)23413341 |
| 040 ## - CATALOGING SOURCE | |
| Original cataloging agency | DLC |
| Transcribing agency | MiU |
| Modifying agency | InU |
| -- | DLC |
| 050 00 - LIBRARY OF CONGRESS CALL NUMBER | |
| Classification number | DT92.7 |
| Item number | .I3 |
| 100 1# - MAIN ENTRY--PERSONAL NAME | |
| Personal name | Idris, Soewardi. |
| 245 00 - TITLE STATEMENT | |
| Title | Cleopatra; |
| Remainder of title | bintang asmara dari Mesir. |
| 250 ## - EDITION STATEMENT | |
| Edition statement | [Tjet. 1. |
| 260 ## - PUBLICATION, DISTRIBUTION, ETC. | |
| Place of publication, distribution, etc. | Djakarta] |
| Name of publisher, distributor, etc. | Wilendra |
| Date of publication, distribution, etc. | [1965] |
| 300 ## - PHYSICAL DESCRIPTION | |
| Extent | 60 p. |
| Other physical details | illus. |
| Dimensions | 17 cm. |
| 600 00 - SUBJECT ADDED ENTRY--PERSONAL NAME | |
| Personal name | Cleopatra, |
| Titles and other words associated with a name | Queen of Egypt, |
| Dates associated with a name | -30 B.C. |
| 651 #0 - SUBJECT ADDED ENTRY--GEOGRAPHIC NAME | |
| Geographic name | Egypt |
| General subdivision | History |
| Chronological subdivision | 332-30 B.C. |
| Form subdivision | Biography. |
| 650 #0 - SUBJECT ADDED ENTRY--TOPICAL TERM | |
| Topical term or geographic name entry element | Queens |
| Geographic subdivision | Egypt |
| Form subdivision | Biography. |
No items available.